Like stars on Earth /

Eight-year-old Ishaan can't seem to get anything right in class and gets into more trouble than his parents can handle. They pack him off to boarding school to 'be disciplined,' and his art teacher, Nikumbh, realizes that something is wrong and sets out to discover what it is. With ti...

Full description

Bibliographic Details
Corporate Authors: Walt Disney Studios Home Entertainment (Firm), PVR Pictures (Firm), Aamir Khan Productions
Other Authors: Gupte, Amole, Khan, Aamir, 1965-, Safary, Darsheel, Chheda, Tanay Hemant, Engineer, Sachet, Chopra, Tisca, Sharma, Vipin, Mahadevan, Shankar, Mendonsa, Loy, Noorani, Ehsaan
Format: Video DVD
Language:Hindi
English
Language Notes:In Hindi or dubbed English, with English or Hindi subtitles.
Closed-captioned.
Subjects:

MARC

Tag First Indicator Second Indicator Subfields
LEADER 00000cgm a2200000Ia 4500
001 in00002585721
005 20151201150153.0
006 jzznng n
007 vd cvaizq
008 091015p20092007ii 165 vlhin d
020 |a 0788895478 
020 |a 9780788895470 
024 1 |a 786936789706 
024 1 |a 786936790320 
028 4 2 |a 101393  |b Walt Disney Studios Home Entertainment 
028 4 2 |a 101548  |b Walt Disney Studios Home Entertainment 
035 |a (OCoLC)ocn456576173 
035 |a (OCoLC)456576173 
040 |a TEFMT  |c TEFMT  |d TEF  |d OCLCA  |d MR0  |d IK2  |d UPZ  |d UBY  |d UtOrBLW 
041 1 |a hin  |a eng  |j eng  |j hin  |h hin 
043 |a a-ii--- 
049 |a TXAM 
050 1 4 |a PN1997.2  |b .L55 2010 
082 0 4 |a 791.43/72  |2 22 
090 |a PN1997.2  |b .L55 2009 
245 0 0 |a Like stars on Earth /  |c Walt Disney Studios Home Entertainment presents a PVR Pictures and a Aamir Khan Productions film ; story, dialogue & screenplay by Amole Gupte ; produced & directed by Aamir Khan. 
246 3 1 |a Taare zameen par 
264 2 |a Burbank, CA :  |b Distributed by Walt Disney Studios Home Entertainment,  |c [2009] 
300 |a 2 videodiscs (approximately 165 min.) :  |b sound, color ;  |c 4 3/4 in. +  |e 1 CD (4 3/4 in.) 
336 |a two-dimensional moving image  |b tdi  |2 rdacontent 
337 |a video  |b v  |2 rdamedia 
338 |a videodisc  |b vd  |2 rdacarrier 
538 |a DVD ; widescreen (2.35:1, enhanced) presentation ; Dolby Digital 5.1 surround. 
546 |a In Hindi or dubbed English, with English or Hindi subtitles. 
546 |a Closed-captioned. 
511 1 |a Darsheel Safary, Aamir Khan, Tanay Chheda, Sachet Engineer, Tisca Chopra, Vipin Sharma. 
508 |a Director of photography, Setu ; editor, Deepa Bhatia ; music, Shankar Mahadevan, Loy Mendonsa, Ehsaan Noorani. 
500 |a "Disney DVD." 
500 |a DVD release of the 2007 motion picture. 
521 8 |a MPAA rating: PG; for thematic material, brief violence and language. 
520 |a Eight-year-old Ishaan can't seem to get anything right in class and gets into more trouble than his parents can handle. They pack him off to boarding school to 'be disciplined,' and his art teacher, Nikumbh, realizes that something is wrong and sets out to discover what it is. With time, patience, and care, Nikumbh helps Ishann find himself. 
500 |a Special features: deleted scenes; the making of Like Stars on Earth; panel discussion on children; feature commentary by director Aamir Khan. 
500 |a Videorecording. 
650 0 |a Dyslexic children  |z India  |v Drama. 
650 0 |a Boarding schools  |z India  |v Drama. 
650 0 |a Art teachers  |z India  |v Drama. 
650 0 |a Separation (Psychology) in children  |v Drama. 
655 7 |a Foreign films.  |2 local 
655 7 |a Video recordings for the hearing impaired.  |2 lcgft 
655 7 |a Feature films.  |2 lcgft 
655 7 |a Fiction films.  |2 lcgft 
700 1 |a Gupte, Amole. 
700 1 |a Khan, Aamir,  |d 1965- 
700 1 |a Safary, Darsheel. 
700 1 |a Chheda, Tanay Hemant. 
700 1 |a Engineer, Sachet. 
700 1 |a Chopra, Tisca. 
700 1 |a Sharma, Vipin. 
700 1 |a Mahadevan, Shankar. 
700 1 |a Mendonsa, Loy. 
700 1 |a Noorani, Ehsaan. 
710 2 |a Walt Disney Studios Home Entertainment (Firm) 
710 2 |a PVR Pictures (Firm) 
710 2 |a Aamir Khan Productions. 
994 |a C0  |b TXA 
948 |a cataloged  |b h  |c 2010/5/3  |d c  |e blrosas  |f 11:22:09 am 
999 |a MARS 
999 f f |s c2191bcd-5ee1-3110-94b5-3a9f82f70858  |i 07331237-6ddd-30d2-a9de-ac1c5ce7f2db  |t 0 
952 f f |p dvd  |a Texas A&M University  |b College Station  |c Sterling C. Evans Library  |d Evans: Media and Reserves (Annex 1st floor)  |t 0  |e PN1997.2 .L55 2009  |h Library of Congress classification  |i video -- videodisc  |m A14839140559 
998 f f |a PN1997.2 .L55 2009  |t 0  |l Evans: Media and Reserves (Annex 1st floor)